Najszczęśliwsze państwa świata - Statystyki

Ogólne statystyki
  • Ten quiz został rozwiązany 26 razy
  • Średni wynik to 13 z 20
Statystyki odpowiedzi
Ocena Życia Odpowiedź % Poprawnych
7.344 Szwecja
96%
7.741 Finlandia
91%
7.302 Norwegia
91%
6.900 Kanada
87%
7.057 Australia
83%
6.905 Austria
83%
7.583 Dania
83%
7.060 Szwajcaria
83%
6.838 Irlandia
78%
6.822 Czechy
74%
7.525 Islandia
74%
7.029 Nowa Zelandia
70%
6.894 Belgia
65%
7.319 Niderlandy
65%
6.749 Zjednoczone Królestwo
65%
7.122 Luksemburg
48%
6.951 Kuwejt
35%
6.818 Litwa
35%
7.341 Izrael
22%
6.955 Kostaryka
13%
Nie znaleziono quizów pasujących do podanych kryteriów
Rozkład punktacji
Procent ludzi z każdym wynikiem
Percentyl według liczby udzielonych odpowiedzi
Twoja historia wyników
Nie rozwiązałeś tego quizu